The Food safety Hazard Guidebook (Record no. 14374)
[ view plain ]
| 000 -LEADER | |
|---|---|
| fixed length control field | 00375nam a22001577a 4500 |
| 020 ## - INTERNATIONAL STANDARD BOOK NUMBER | |
| ISBN | 9781849733816 |
| 082 ## - DEWEY DECIMAL CLASSIFICATION NUMBER | |
| Classification number | 641.3 |
| Item number | LAW/FO |
| 100 ## - MAIN ENTRY--AUTHOR NAME | |
| Personal name | Lawley,Richard |
| 100 ## - MAIN ENTRY--AUTHOR NAME | |
| Personal name | Curtis ,Laurie |
| 100 ## - MAIN ENTRY--AUTHOR NAME | |
| Personal name | Davs,Judy |
| 245 ## - TITLE STATEMENT | |
| Title | The Food safety Hazard Guidebook |
| 250 ## - EDITION STATEMENT | |
| Edition statement | 2 nd |
| 260 ## - PUBLICATION, DISTRIBUTION, ETC. (IMPRINT) | |
| Place of publication | Cambridge |
| Name of publisher | RSC Publishing |
| Year of publication | 2012 |
| 300 ## - PHYSICAL DESCRIPTION | |
| Number of Pages | 533 |
| 942 ## - ADDED ENTRY ELEMENTS (KOHA) | |
| Koha item type | Books |
| Withdrawn status | Lost status | Damaged status | Collection code | Home library | Current library | Shelving location | Date acquired | Source of acquisition | Cost, normal purchase price | Full call number | Accession Number | Koha item type |
|---|---|---|---|---|---|---|---|---|---|---|---|---|
| KAUAET | KAUAET | General Stacks | 25/06/2016 | Arunima Book Distributor,TVPM | 10844.91 | 641.3 LAW/FO | 23838 | Books |
